000 01025nam a22002415a 4500
999 _c27075
_d27047
003 EG-ScBUE
005 20190203143305.0
008 190203s2011 ua frb 000 0 ara d
040 _aEG-ScBUE
_bara
_cEG-ScBUE
_dEG-ScBUE
043 _af-ua---
082 0 4 _a345.6202635
_bس ك ي
_222
100 1 _aسكيكر، محمد علي.
245 1 2 _aالوجيز في جرائم التزييف و التزوير و تطبيقاتها العملية :
_bتشريعات - تعليقات - قيود و أوصاف - أحكام النقض /
_cمحمد علي سكيكر.
260 _a[القاهرة] :
_bنادي القضاة،
_c2011.
300 _a195 ص. ؛
_c24 سم.
504 _aيشتمل على إرجاعات ببليوجرافية.
541 _aد. احمد حمد ؛
_cإهداء ؛
610 1 7 _aمصر.
_bمحكمة النقض.
_2BUEsh
_940940
650 7 _aجرائم التزوير
_xقوانين وتشريعات
_zمصر.
_2BUEsh
_910938
651 _2BUEsh
653 _bLLAAWW
_cFebruary2019
942 _2ddc